Word Ladder: Iberian Capital and Country Quiz Stats

Quiz Updated Feb 27, 2018

Challenge
Share
Tweet
Embed
Score 0/16 Timer 01:30
1 Play Today
Clue 3-Letter Answer % Correct
Mediterranean or Baltic, e.g.SEA
96.2%
Earl Grey or Chai, for exampleTEA
96%
What you see when you look up outsideSKY
95.9%
James Bond, e.g.SPY
95.7%
• A luxurious resort •• SPA •
95.6%
The first double digit numberTEN
95.4%
A unit of weight equivalent to 2000 pounds (US)TON
94.6%
Feeling melancholySAD
94.5%
Clue 3-Letter Answer % Correct
• Irate •• MAD •
94.3%
Halfway or centrally locatedMID
94%
Winter sport's gliding plankSKI
92.6%
A charged particleION
92.1%
• To eliminate something •• RID •
90.7%
Slang term for 'awesome'RAD
90.7%
• A business providing lodging •• INN •
87%
The weapon of choice for Raphael (TMNT)SAI
84.9%

Today's Daily Dose

Word Ladder
Antonym Clues II

Quick Pick
Movies of 2014

On This Day
April 24th II

You're not logged in!

Compare scores with friends on all Sporcle quizzes.
Sign Up with Email
OR
Log In

You Might Also Like...

Show Comments

Extras

Top Quizzes Today


Score Distribution

Your Account Isn't Verified!

In order to create a playlist on Sporcle, you need to verify the email address you used during registration. Go to your Sporcle Settings to finish the process.

Report this User

Report this user for behavior that violates our Community Guidelines.

Details: